Elements Named After Celestial Bodies - Statistics

General Stats
  • This quiz has been taken 31 times
  • The average score is 5 of 9
Answer Stats
Celestial Body Answer % Correct
Dwarf Planet plutonium
92%
Planet mercury
88%
Planet uranium
88%
Planet neptunium
73%
Sun helium
58%
Dwarf Planet cerium
50%
Moon selenium
42%
Planet tellurium
31%
Asteroid palladium
23%
No matching quizzes found
Score Distribution
Percent of People with Each Score
Percentile by Number Answered
Your Score History
You have not taken this quiz